| 000 | 00745nam a2200229 a 4500 | ||
|---|---|---|---|
| 005 | 20220531063610.0 | ||
| 008 | 010928s1996 ag r 000 0 spa d | ||
| 020 | _a9875000000 (10 dígitos) | ||
| 020 | _a9789875000001 (13 dígitos) | ||
| 035 | _aUPN01000112221 | ||
| 049 | _aCG | ||
| 050 | 4 |
_aT58.2 _bV5.28 |
|
| 100 | 1 |
_aVirilio, Paul, _d1932- _932109 |
|
| 245 | 1 | 3 |
_aEl arte del motor : _baceleración y realidad virtual / _cPaul Virilio ; tr. Horacio Pons. |
| 260 |
_aBuenos Aires : _bManantial, _cc1996. |
||
| 300 | _a168 p. | ||
| 440 | 0 | _aReflexiones | |
| 534 |
_pTítulo original: _tL´art du moteur |
||
| 650 | 2 |
_aTecnología de la información _94816 |
|
| 650 | 4 |
_aTECNOLOGIA DE LOS MEDIOS DE COMUNICACION _915356 |
|
| 905 | _aLibro | ||
| 999 |
_c86129 _d86129 |
||